A járási hivatalok szervezete és feladata

Elmentve itt :
Bibliográfiai részletek
Szerző: Csontos Mária
További közreműködők: Martonyi János (Témavezető)
Dokumentumtípus: Szakdolgozat
Megjelent: 1975
Tárgyszavak:
Online Access:http://diploma.bibl.u-szeged.hu/18993
LEADER 00554nta a2200157 i 4500
001 dipl18993
005 20111202115900.0
008 111202s1975 hu om 0|| zxx d
040 |a SZTE Diploma Repozitórium  |b hun 
041 |a zxx 
100 1 |a Csontos Mária 
245 1 2 |a A járási hivatalok szervezete és feladata  |h [elektronikus dokumentum] /  |c Mária Csontos 
260 |c 1975 
650 4 |a Jogi és igazgatási tanulmányok 
700 1 |a Martonyi János  |e ths 
856 4 0 |u http://diploma.bibl.u-szeged.hu/id/eprint/18993/1/1975_csontos_maria.pdf  |z Dokumentum-elérés